Normal view
MARC view
- Sociology, Rural
Entry Topical Term
001 - CONTROL NUMBER
- control field: 36399
003 - CONTROL NUMBER IDENTIFIER
- control field: NUST
005 - DATE AND TIME OF LATEST TRANSACTION
- control field: 20210314130014.0
008 - FIXED-LENGTH DATA ELEMENTS
- fixed length control field: 210314|| aca||aabn | a|a d
040 ## - CATALOGING SOURCE
- Original cataloging agency: NUST
- Transcribing agency: NUST
150 ## - HEADING--TOPICAL TERM
- Topical term or geographic name entry element: Sociology, Rural
670 ## - SOURCE DATA FOUND
- Source citation: Work cat.: (NUST): Cernea, Michael M editor. 36396, Putting people first :, c1991.
